| 000 | 00000nam 2200000za 4500 |
| 001 | 9.700150 |
| 003 | CaOODSP |
| 005 | 20241127083117 |
| 007 | cr ||||||||||| |
| 008 | 150407|2004||||xxc|||||o f|0| 0 eng d |
| 040 | |aCaOODSP|beng |
| 043 | |an-cn--- |
| 086 | 1 |aEn39-3/2004E-PDF |
| 110 | 2 |aCanada Centre for Inland Waters. |
| 245 | 10|aWhere on earth is all that fresh water? / |h[electronic resource] / |c[illustrations by Trevor Johnston]. |
| 246 | 1 |iVariant title : |aDid you know? - freshwater facts for Canada and the world |
| 260 | |aOttawa - Ontario : |bEnvironment Canada. |cc2004. |
| 300 | |a30p.|bcoloured figs., coloured illus., coloured maps, graphs, tables |
| 500 | |aCaption title. Thirty infographics for the HTML publication: "Did you know?... Freshwater facts for Canada and the world" from the archived Freshwater Website of Environment Canada. |
| 590 | |a14-21-Supp|b2014-12-11 |
| 690 | 07|aFresh water|2gcpds |
| 775 | 08|tLa terre est-elle vraiment la planète bleue? / |w(CaOODSP)9.644050 |
| 856 | 40|ahttp://publications.gc.ca|qPDF|s8.94 MB|uhttps://publications.gc.ca/collections/collection_2014/ec/En39-3-2004-eng.pdf |